000 00290nam a2200097Ia 4500
008 220204s9999 xx 000 0 und d
082 _a624.21(03)
_bGUI
245 0 _aGuinness book of structures, bridges, towers, tunnels and dams
260 _aLondon
_bGuinness Superlatives
_c1976
942 _cBK
999 _c33654
_d33654